000 00539nam a2200181 i 4500
001 42668
003 ES-MaACL
005 20250822055318.0
007 t|
008 030313s1931 fr ||||1| fre d
100 1 _aCastro, Américo,
_d1885-1972
_9226525
245 1 0 _aCervantes /
_cpar Américo Castro.
260 _aParis :
_bLes Editions Rieder,
_c[1931] (
_fMayenne-Floch)
300 _a80 p., 40 lám. ;
_c21 cm.
600 1 4 _aCervantes Saavedra, Miguel de,
_d1547-1616
_9226514
852 _aES-MaACL
_jA-2522
999 _c42668
_d42668